000 00639nam a2200217Ia 4500
001 8819
003 GE_BSU
008 181216s||||||||xx |||||||||||||| ||und||
040 _cGE_BSU
080 _a821.353.1-2
100 _aკაკაბაძე,პოლიკარპე
245 _aდრამატული პოეზია.ორ ტომად.ტ.1
245 _bტ.1
260 _aთბილისი
260 _bხელოვნება
260 _c1971
300 _a676გვ,21სმ
300 _b1 ფ. პორტრ.
653 _aდრამატული პოეზია.
942 _cBK
999 _c42127
_d42127